000 02064cam a22005294i 4500
003 PE-LiUPU
005 20250731184608.0
008 150616s1987 miua r 000 0 eng d
020 _a0943872162
035 _a(Sirsi) i9780943872162
040 _aPE-LiUPU
_bspa
_cPE-LiUPU
_erda
049 _aPRUA
082 0 4 _b5
_221
100 1 _aIbach, Robert D.,
_eautor.
245 1 0 _aArchaeological Survey of the Hesban Region :
_bcatalogue of sites and characterization of periods.
_n5.
264 1 _aBerrien Springs, Michigan :
_bAndrews University Press,
_c1987.
300 _a299 páginas :
_bilustraciones ;
_c29 centímetros
336 _atext
_2rdacontent
337 _aunmediated
_2rdamedia
338 _avolume
_2rdacarrier
505 0 _aCatalogues of sites -- Characterization of periods -- Sumary and conclusions.
526 _aP136
526 _aP135
526 _aP134
526 _aP133
526 _aP144
526 _aP143
526 _aP87
526 _aP35
526 _aP20
526 _aP14
526 _aP10
526 _aP06
651 4 _aJordania
_xAntigüedades.
651 4 _aHisbān Alto (Jordania)
650 1 4 _aExcavaciones (arqueología)
_zJordania
_zHisbān Alto-
910 _ajck
_bjvq
_cjck
942 _2ddc
_cBOOK
949 _a915.695 M53 5
_wDEWEY
_c1
_i43091
_lCCODEBUL1
_mBUL
_r0
_sY
_tBOOK
_u2015-4-23
_xTEOLOGIA
_zUNKNOWN
_0COMPRA
_o.STAFF. Colección Teología
949 _a915.695 M53 5
_wDEWEY
_c2
_i42608
_lCCODEBUL1
_mBUL
_r0
_sY
_tBOOK
_u2015-6-16
_xTEOLOGIA
_zUNKNOWN
_0COMPRA
_o.STAFF. Colección Teología
994 _aC0
_bPEPRU
596 _a1
999 _a915.695 M53 5
_wDEWEY
_c60445
_i43091
_f2021-11-11
_g5
_lCCODEBUL1
_mBUL
_p35.00
_r0
_sY
_tBOOK
_u2015-4-23
_xTEOLOGIA
_PP35
_0COMPRA
_o.STAFF. Colección Teología
_d60445
999 _a915.695 M53 5
_wDEWEY
_c2
_i42608
_f2021-11-11
_g5
_lCCODEBUL1
_mBUL
_p25.00
_r0
_sY
_tBOOK
_u2015-6-16
_xTEOLOGIA
_PP35
_0COMPRA
_o.STAFF. Colección Teología
980 _81
_gALBERTO SANCHEZ Responsable de Automatización